LEADER 00743nam0-22002651i-450- 001 990004771540403321 005 19990530 035 $a000477154 035 $aFED01000477154 035 $a(Aleph)000477154FED01 035 $a000477154 100 $a19990530g19599999km-y0itay50------ba 101 0 $aita 105 $ay-------001yy 200 1 $aPhilosophical Greek$fan introduction by Francis H. Fobes 210 $aChicago$cThe University of Chicago Press$d1959. 215 $aXII, 321 p.$d25 cm 700 1$aFobes,$bFrancis H.$0190683 801 0$aIT$bUNINA$gRICA$2UNIMARC 901 $aBK 912 $a990004771540403321 952 $aV C 22$bBibl. 32988$fFLFBC 959 $aFLFBC 996 $aPhilosophical Greek$9559566 997 $aUNINA